| 000 | 00472nam a2200157 i 4500 | ||
|---|---|---|---|
| 001 | 40839 | ||
| 003 | ES-MaACL | ||
| 005 | 20230906160324.0 | ||
| 007 | t| | ||
| 008 | 030307s1969 mx ||||1| spa d | ||
| 100 | 1 |
_aCapo-Bonnafous, Eduardo. _934875 |
|
| 245 | 1 | 0 |
_aCiclón en el golfo _b: novela : (casi en forma de rondó) / _cEduardo Capo-Bonnafous. |
| 260 |
_aMéxico : _bB. Costa-Amic, _c[1969] |
||
| 300 |
_a299 p. ; _c19 cm. |
||
| 852 |
_aES-MaACL _jC-39845 _bR.73834 |
||
| 999 |
_c40839 _d40839 |
||